000 01319nam a2200121Ia 4500
008 220615s9999||||xx |||||||||||||| ||und||
100 _aHooda, Peter||Wilkinson, John
245 0 _aEnvironmental Fate of Emerging Organic Micro-Contaminants
546 _aEnglish[eng]
650 _achitosan||risk assessment||n/a||di(2-ethylhexyl) phthalate (DEHP)||Escherichia coli||picolinic acid||degradation||6-hydroxypicolinic acid||biosorption||coagulation||qPCR||global monitoring||Pseudomonas putida||basic buffer||validation||ethyl tert-butyl ether||wastewater||sewage treatment||crustacean||ETBE biodegradation||ethB gene||veterinary drug||water quality||tetracyclines||micropollutants||bacterial community||antibiotics||Membrane Bioreactor||UPLC MS/MS||bisphenol A (BPA)||GAC-biofilter||shrimp||vitellogenin (VTG)||hormones||polluted aquifer||biodegradation||Rhodococcus||sewage sludge||ion suppression||ozone||pharmaceutical residues||beta-lactams||espresso coffee machine extraction||mass spectrometry||dye decolorization||chlorination||pressurized hot water extraction||immobilization||ARGs||pharmaceuticals||organic pollutants||residue||perfluorinated compounds||liquid chromatography tandem mass spectrometry||activated carbon||irgarol||fuel oxygenates
856 _uhttps://mdpi.com/books/pdfview/book/1488
942 _cEB
999 _c18508
_d18508